000 00376nam a2200145Ia 4500
008 240624s9999 xx 000 0 und d
041 _aeng
082 _a658.404 SCH
100 _aSCHWALBE
245 _aINFORMATION TECHNOLOGY PROJECT MANAGEMEN
250 _a(4th ed.)
260 _c2008
_aNew Delhi
_bCengage Learning
300 _a496 : p. : cm. ; 23
365 _cRS
_b33.33
999 _c11952
_d11952